Texas Tech Football: Top 10 All-Time Leaders - Statistics

General Stats
  • This quiz has been taken 11 times
  • The average score is 12 of 61
Answer Stats
Category # Player Amount % Correct
Passing Yards 5 Behren Morton 8,324
100%
Passing Yards 3 Patrick Mahomes 11,252
100%
Receiving Yards 2 Michael Crabtree 3,127
82%
Passing Yards 1 Graham Harrell 15,793
73%
Passing Yards 2 Kliff Kingsbury 12,429
64%
Rushing Yards 1 Tahj Brooks 4,560
45%
Passing Yards 10 B.J. Symons 6,378
36%
Tackles 9 Jordyn Brooks 346
36%
Tackles 4 Michael Johnson 393
36%
Receiving Yards 3 Wes Welker 3,069
36%
Tackles 5 Zach Thomas 390
36%
Rushing Yards 6 DeAndré Washington 3,411
27%
Receiving Yards 1 Jakeem Grant 3,286
27%
Sacks 5 Pete Robertson 22.0
27%
Sacks T8 Shawn Jackson 17.0
27%
Passing Yards 9 Billy Joe Tolliver 6,756
18%
Rushing Yards 2 Byron Hanspard 4,219
18%
Tackles 8 Cody Davis 362
18%
Interceptions T8 Douglas Coleman III 11
18%
Receiving Yards 6 Eric Ward 2,863
18%
Passing Yards 4 Seth Doege 8,636
18%
Rushing Yards 7 Taurean Henderson 3,241
18%
Passing Yards 7 Taylor Potts 7,835
18%
Sacks 1 Aaron Hunt 34.0
9%
Sacks 2 Adell Duckett 28.0
9%
Interceptions T5 Boyd Cowan 12
9%
Tackles 2 Brad Hastings 480
9%
Sacks 4 Brandon Williams 22.5
9%
Rushing Yards 5 Byron Morris 3,544
9%
Sacks 7 Calvin Riggs 18.5
9%
Receiving Yards 5 Carlos Francis 3,031
9%
Interceptions T10 Dadrion Taylor-Demerson 10
9%
Interceptions T5 Darcel McBath 12
9%
Receiving Yards 8 Detron Lewis 2,729
9%
Sacks 10 Eli Howard 16.5
9%
Interceptions 2 Elmer Tarbox 17
9%
Rushing Yards 3 James Gray 4,066
9%
Rushing Yards 8 James Hadnot 2,794
9%
Sacks T8 James Mosley 17.0
9%
Receiving Yards 7 Jarrett Hicks 2,859
9%
Receiving Yards 10 Joel Filani 2,667
9%
Interceptions T3 John Thompson 14
9%
Tackles 3 Kevin Curtis 430
9%
Interceptions T10 Kevin Curtis 10
9%
Sacks 6 Keyunta Dawson 19.5
9%
Rushing Yards 10 Larry Isaac 2,633
9%
Tackles 1 Lawrence Flugence 500
9%
Receiving Yards 4 Lloyd Hill 3,059
9%
Tackles 6 Matt Wingo 385
9%
Sacks 3 Montae Reagor 25.5
9%
Receiving Yards 9 Nehemiah Glover 2,725
9%
Rushing Yards 4 Ricky Williams 3,661
9%
Passing Yards 6 Robert Hall 7,908
9%
Tackles 10 Ryan Aycock 338
9%
Interceptions T8 Ryan Aycock 11
9%
Rushing Yards 9 SaRodorick Thompson 2,664
9%
Tackles 7 Shawn Banks 365
9%
Interceptions T3 Tate Randle 14
9%
Interceptions 1 Tracy Saul 25
9%
Interceptions T5 Vincent Meeks 12
9%
Passing Yards 8 Zebbie Lethridge 6,789
9%
No matching quizzes found
Score Distribution
Percent of People with Each Score
Percentile by Number Answered
Your Score History
You have not taken this quiz